| 000 | 00663nam a2200193 a 4500 | ||
|---|---|---|---|
| 001 | 4242 | ||
| 003 | CDMR | ||
| 005 | 20151022114802.0 | ||
| 008 | 130130s1987||||||||||||||||||||||||||||d | ||
| 040 |
_aCDMR _bcat _cCPC LLEIDA |
||
| 110 | 2 |
_93018 _aAgrupación de Periodistas de CEOV-UGT |
|
| 245 | 1 | 0 |
_aConferencia constituyente de la Agrupación de Periodistas de CEOV-UGT _b: [por fin unidos en un sindicato] _cUnión General de Trabajadores |
| 260 |
_a[Madrid] _cDL 1987 _bCEOV-UGT |
||
| 300 | _a94 p. | ||
| 490 | 0 | _aTécnicos y Cuadros | |
| 710 | 2 |
_93018 _aAgrupación de Periodistas de CEOV-UGT |
|
| 710 | 2 |
_92828 _aUnió General de Treballadors |
|
| 942 |
_cMON _2ddc |
||
| 999 |
_c4242 _d4242 |
||